Modern problems in elastic ware propagation (Record no. 31407)

MARC details
000 -LEADER
fixed length control field 00325nam a2200121Ia 4500
082 ## - DEWEY DECIMAL CLASSIFICATION NUMBER
Classification number 531.1
Item number MIK
245 #0 - TITLE STATEMENT
Title Modern problems in elastic ware propagation
260 ## - PUBLICATION, DISTRIBUTION, ETC. (IMPRINT)
Place of publication New York
Name of publisher John Wiley
Year of publication 1978
700 ## - ADDED ENTRY--PERSONAL NAME
Personal name Achenbach, Jan D
700 ## - ADDED ENTRY--PERSONAL NAME
Personal name Miklowitz, Julius
942 ## - ADDED ENTRY ELEMENTS (KOHA)
Koha item type Books
Holdings
Withdrawn status Lost status Damaged status Not for loan Home library Current library Date acquired Cost, normal purchase price Full call number Accession Number Koha item type
        RRII Library RRII Library 16/12/2021 32.50 531.1 MIK 11952 Books